00602nam a22001817a 450000500170000000800410001702000260005804000080008404100120009208200180010410000210012224501280014326000510027130000180032250400500034065000200039085000100041020190722143550.0190722b xxu||||| |||| 00| 0 eng d a9788189059842cRs 695 beng aEnglish a305.5122bTEL aTeltumbde, Anand aRepublic of castebThinking equality in the time of neoliberal HindutvacAnand Teltumbde. With a foreword by Sunil Khilnani aNew DelhibNavayana Publishing Pvt. Ltd.c2018 a432pb24.5 cm aIncludes bibliographical references and index aCasteismzIndia aLCLIB